000 00848nam a22002177a 4500
005 20221025100213.0
008 150707b mx ||||| |||| 00| 0 spa d
020 _a9788490539941
050 0 4 _aKGF3053.A67
_bS46 2014
111 2 _aSeminario Internacional del Observatorio Judicial Electoral del TEPJF
_cMéxico
_nVI
245 1 0 _aCuestiones Actuales de la Democracia Electoral
_c/ coordinadores Carlos Báez Silva, Luis Efren Ríos Vega
250 _a1a ed.
260 _aMéxico :
_bTirant lo Blanch :
_bTribunal Electoral del Poder Judicial de la Federación,
_c2014
300 _a236 p :
_c24 cm.
490 0 _aHomenajes & Congresos
504 _aIncluye bibliografía
650 7 _2lemb
_aElecciones
_vCongresos
_zMéxico
700 1 _aBáez Silva, Carlos
_ecoordinador
700 1 _aRíos Vega, Luis Efren
_ecoordinador
942 _2lcc
_cLIB
999 _c96648
_d96648